| 000 | 02031nam a2200529 c 4500 | ||
|---|---|---|---|
| 001 | 1936301946 | ||
| 003 | DE-627 | ||
| 005 | 20250930103827.0 | ||
| 007 | cr uuu---uuuuu | ||
| 008 | 250919s2023 xx |||||o 00| ||ger c | ||
| 020 |
_a9783753915531 _cEPUB |
||
| 024 | 7 |
_aurn:nbn:de:gbv:18-epflicht-251645 _2urn |
|
| 035 | _a(DE-627)1936301946 | ||
| 035 | _a(DE-599)KEP118726161 | ||
| 035 | _a(EPFHH)6d5ed65f-7014-4e43-bc32-3cf6257842a8 | ||
| 035 | _a(EPFHH-ALTRAVERSE)1040476564_9783753915531 | ||
| 035 | _a(DE-627-1)118726161 | ||
| 040 |
_aDE-627 _bger _cDE-627 _erda |
||
| 041 |
_ager _hjpn |
||
| 072 | 7 |
_a9182 _2wsb |
|
| 082 | 0 | 4 |
_a741.5 _qDE-576 |
| 245 | 0 | 4 |
_aEin Zeichen der Zuneigung 07 _csuu Morishita, Diana Hesse |
| 264 | 1 |
_aHamburg _bAltraverse _c2023 |
|
| 300 | _a1 Online-Ressource (162 S.) | ||
| 336 |
_aText _btxt _2rdacontent |
||
| 337 |
_aComputermedien _bc _2rdamedia |
||
| 338 |
_aOnline-Ressource _bcr _2rdacarrier |
||
| 490 | 0 |
_aEin Zeichen der Zuneigung _v7 |
|
| 520 | _aNicht nur Oshi ist unglücklich darüber, dass Yuki und Itsuomi ein Liebespaar geworden sind. Auch Ema, die Itsuomi seit der Oberschule kennt, wird schmerzlich an ihre unerwiderten Gefühle erinnert. Bei ihrem Freund Shin will sie sich ausweinen. Der jedoch wittert seine Chance, endlich mit Ema zusammenzukommen. | ||
| 583 | 1 |
_aArchivierung/Langzeitarchivierung gewährleistet _fPEHH _kDE-576 _2pdager _5DE-18 |
|
| 650 | 4 | _aGebärdensprache | |
| 650 | 4 | _aShojo | |
| 650 | 4 | _aUniversität | |
| 650 | 4 | _aRomance | |
| 650 | 4 | _aSprache | |
| 650 | 4 | _aFremde Länder | |
| 650 | 4 | _aManga | |
| 650 | 4 | _aReisen | |
| 650 | 4 | _aFremdsprachen | |
| 700 | 1 |
_aMorishita, suu _eVerfasserIn _4aut |
|
| 700 | 1 |
_aHesse, Diana _eÜbersetzerIn _4trl |
|
| 776 | 1 | _z9783753915524 | |
| 776 | 0 | 8 |
_iErscheint auch als _nDruck-Ausgabe _z9783753915524 |
| 856 | 4 | 0 |
_uhttps://nbn-resolving.org/urn:nbn:de:gbv:18-epflicht-251645 _mX:EPF _qapplication/epub+zip _zlizenzpflichtig |
| 942 |
_2ddc _cMGA _n0 |
||
| 951 | _aBO | ||
| 999 |
_c1341 _d1341 |
||